Statistiques concernant Pokémon groupe d'Œuf-Aquatique 3

Cliquez ici pour prendre le quiz!

Statistiques générales

  • Ce quiz a été pris 7 fois
  • Le résultat moyen est 31 sur 37

Statistiques - réponses

Deuxième
Groupe d'Œuf
Pokémon% Correct
Aquatique 1Amonistar
100%
Aquatique 1Amonita
100%
Aquatique 1Carapagos
100%
Aquatique 1Colhomard
100%
Aquatique 1Corayôme
100%
Aquatique 1Corayon
100%
Aquatique 1Écrapince
100%
Aquatique 1Flingouste
100%
Aquatique 1Gamblast
100%
Aquatique 1Kabuto
100%
Aquatique 1Kabutops
100%
Krabboss
100%
Krabby
100%
Aquatique 1Mégapagos
100%
InsectoïdeSarmuraï
100%
InsectoïdeSovkipou
100%
Stari
100%
Staross
100%
Taupikeau
100%
Tentacool
100%
Tentacruel
100%
Triopikeau
100%
Anorith
67%
Armaldo
67%
Crabagarre
67%
Crabominable
67%
Crustabri
67%
InsectoïdeDrascore
67%
Golgopathe
67%
Kokiyas
67%
Lilia
67%
Opermine
67%
InsectoïdeRapion
67%
Vacilys
67%
AérienAéroptéryx
33%
AérienArkéapti
33%
Craparoi
33%

Distribution des résultats

Percentile par nombre de réponses

% des personnes avec chaque résultat

Votre développement - résultats

Vous n’avez pas pris ce quiz